Shenoute of Atripe and the uses of poverty : rural patronage, religious conflict and monasticism in late antique Egypt /

Shenoute of Atripe : stern abbot, loquacious preacher, patron of the poor and scourge of pagans in fifth-century Egypt. This book studies his numerous Coptic writings and finds them to be the most important literary source for the study of society, economy and religion in late antique Egypt. The iss...

وصف كامل

محفوظ في:

المؤلف الرئيسي: López, Ariel G., 1977- (مؤلف)

التنسيق: كتاب

اللغة: English

منشور في: Berkely, CA : Univeristy of California Press, 2013

سلاسل: Transformation of the classical heritage ; 50.
Joan Palevsky imprint in classical literature.

الموضوعات:

الوسوم: إضافة وسم

لا توجد وسوم, كن أول من يضع وسما على هذه التسجيلة!

رقم الطلب: BR1720 .S48 L67 2013

LEADER 02276namaa2200397 4500
001 23386
003 OSt
005 20211030075713.0
008 130303s2013 cauab g b 001 0 eng d
952 |0 0  |1 0  |2 lcc  |4 0  |6 BR1720 S48 L67 02013  |7 1  |9 21849  |a ARCE  |b ARCE  |d 2021-10-30  |l 0  |o BR1720 .S48 L67 2013  |p 1010100  |r 2021-10-30 00:00:00  |w 2021-10-30  |y BK 
999 |c 20451  |d 20451 
020 |a 9780520274839 
040 |c ARCE Library 
043 |a f-ua--- 
050 4 |a BR1720 .S48 L67 2013 
100 1 |a López, Ariel G.,  |d 1977-  |e author 
245 1 0 |a Shenoute of Atripe and the uses of poverty :  |b rural patronage, religious conflict and monasticism in late antique Egypt /  |c Ariel G. López. 
264 1 |a Berkely, CA :  |b Univeristy of California Press,  |c 2013 
300 |a xi, 237 pages :  |b illustrations, maps ;  |c 24 cm. 
490 1 |a Transformation of the classical heritage ;   |v 50. 
490 0 |a Joan Palevsky imprint in classical literature. 
500 |a  Revised dissertation--Princeton University, 2010. 
504 |a Includes bibliographical references and index. 
505 0 |a Introduction: "Rustic audacity" -- Loyal opposition -- A miraculous economy -- Rural patronage: holy and unholy -- The limits of intolerance -- Conclusion. 
520 |a Shenoute of Atripe : stern abbot, loquacious preacher, patron of the poor and scourge of pagans in fifth-century Egypt. This book studies his numerous Coptic writings and finds them to be the most important literary source for the study of society, economy and religion in late antique Egypt. The issues and concerns Shenoute grappled with on a daily basis, Ariel Lopez argues, were not local problems, unique to one small corner of the ancient world. 
555 |a https://catalog.loc.gov/vwebv/staffView?searchId=36515&recPointer=0&recCount=25&searchType=0&bibId=17323728 
555 |a Omnia 
600 0 0 |a Shenute,  |c Saint,  |d approximately 348-466.  |9 39943 
650 0 |a Coptic monasticism and religious orders  |x History. 
650 0 |a Romans  |z Egypt. 
651 0 |a Egypt  |x History  |y 30 B.C.-640 A.D. 
651 0 |a Egypt  |x Economic conditions  |y 332 B.C.-640 A.D. 
830 |a Transformation of the classical heritage ; 50. 
830 |a Joan Palevsky imprint in classical literature. 
901 |a reviewed 
942 |c BK  |2 lcc